Every 100,000+ City in Niger in Order - Statistics

General Stats
  • This quiz has been taken 16 times
    4 since last reset
  • The average score is 8 of 21
Answer Stats
Letter Population City % Correct
N 1,681,259 Niamey
100%
Z 660,157 Zinder
67%
A 116,085 Abalak
33%
A 316,278 Agadez
33%
A 247,052 Arlit
33%
A 100,050 Ayorou
33%
B-K 106,505 Birnin Konni
33%
B (Refugee Town) 110,758 Bosso
33%
D 238,095 Diffa
33%
D 107,733 Dogondoutchi
33%
D 243,944 Dosso
33%
F 101,362 Filingué
33%
G 162,086 Gaya
33%
G 102,077 Gouré
33%
I 108,282 Illéla
33%
M 730,135 Maradi
33%
T 355,426 Tahoua
33%
T 109,743 Téra
33%
T 124,052 Tessaoua
33%
T 113,886 Tibiri
33%
T 143,708 Tillabéri
33%
No matching quizzes found
Score Distribution
Percent of People with Each Score
Percentile by Number Answered
Your Score History
You have not taken this quiz since the last reset